Countries Most Similar To Madagascar - Statistics

General Stats
  • This quiz has been taken 45 times
  • The average score is 10 of 20
Answer Stats
Rank Country Score % Correct
18 Kenya 66.3
79%
3 Mozambique 70.4
75%
1 DRC 71.3
71%
2 Republic of the Congo 70.7
71%
17 Tanzania 66.6
68%
16 Senegal 66.7
54%
15 Zambia 66.8
54%
4 CAR 70.2
50%
12 Angola 68
46%
11 Guinea 68.1
46%
6 Togo 69.6
46%
5 Benin 69.9
43%
9 Burundi 69
43%
19 Malawi 65.9
43%
13 Rwanda 67.9
43%
7 Cameroon 69.2
39%
8 Ivory Coast 69.1
39%
20 Burkina Faso 65.6
32%
10 Liberia 68.3
29%
14 Haiti 67.9
14%
No matching quizzes found
Score Distribution
Percent of People with Each Score
Percentile by Number Answered
Your Score History
You have not taken this quiz